The noble scholar, jurist, historian


 His Excellency Dr. Abdul Wahhab bin Ibrahim Abu Sulaiman, may Allah have mercy on him.


 He was born in Umm Al-Qura in the year 1356 AH.

الشرح الصغير على أقرب المسالك إلى مذهب الإمام مالك / (Record no. 6304)

MARC details
000 -LEADER
fixed length control field 02287cam a22003491i 4500
003 - CONTROL NUMBER IDENTIFIER
control field SA-RiAUC
005 - DATE AND TIME OF LATEST TRANSACTION
control field 20250307143110.0
008 - FIXED-LENGTH DATA ELEMENTS--GENERAL INFORMATION
fixed length control field 250307s1989 ts g f00000 ara c
040 ## - CATALOGING SOURCE
Original cataloging agency AE-AdMPA
Language of cataloging ara
Transcribing agency SA-RiAUC
Description conventions rda
082 04 - DEWEY DECIMAL CLASSIFICATION NUMBER
Classification number 258.2
090 ## - LOCALLY ASSIGNED LC-TYPE CALL NUMBER (OCLC); LOCAL CALL NUMBER (RLIN)
Classification number (OCLC) (R) ; Classification number, CALL (RLIN) (NR) 258.2
Local cutter number (OCLC) ; Book number/undivided call number, CALL (RLIN) د ر د
100 1# - MAIN ENTRY--PERSONAL NAME
Personal name الدردير، أحمد بن محمد بن أحمد،
Dates associated with a name 1127-1201 هجري
Relator term مؤلف.
245 12 - TITLE STATEMENT
Title الشرح الصغير على أقرب المسالك إلى مذهب الإمام مالك /
Statement of responsibility, etc. تأليف أبي البركات أحمد بن محمد بن أحمد الدردير. وبالهامش حاشية أحمد بن محمد الصاوي المالكي ؛ أخرجه ونسقه وضبط شكله وعلاماته وخرج أحاديثه وفهرسه وقرر عليه بالقانون الحديث مصطفى كمال وصفي.
264 #1 - PRODUCTION, PUBLICATION, DISTRIBUTION, MANUFACTURE, AND COPYRIGHT NOTICE
Place of production, publication, distribution, manufacture أبو ظبي :
Name of producer, publisher, distributor, manufacturer وزارة العدل والشؤون الإسلامية والأوقاف،
Date of production, publication, distribution, manufacture, or copyright notice 1989
300 ## - PHYSICAL DESCRIPTION
Extent 4 مجلد ؛
Dimensions 25 سم
336 ## - CONTENT TYPE
Content type term نص
Content type code txt
Source rdacontent
Materials specified كتاب
337 ## - MEDIA TYPE
Media type term بدون وسيط
Media type code n
Source rdamedia
338 ## - CARRIER TYPE
Carrier type term مجلد
Carrier type code nc
Source rdacarrier
500 ## - GENERAL NOTE
General note حاشية الصاوي تسمى أيضا بلغة السالك لأقرب المسالك.
650 #7 - SUBJECT ADDED ENTRY--TOPICAL TERM
Topical term or geographic name entry element الفقه المالكي
Source of heading or term aucsh
650 #7 - SUBJECT ADDED ENTRY--TOPICAL TERM
Topical term or geographic name entry element الفقه الإسلامي
General subdivision مذاهب
Source of heading or term aucsh
700 1# - ADDED ENTRY--PERSONAL NAME
Personal name وصفي، مصطفى كمال
Relator term مخرج أحاديث.
700 12 - ADDED ENTRY--PERSONAL NAME
Personal name الصاوي، أحمد بن محمد الخلوتي،
Dates associated with a name 1175-1241 هجري.
Title of a work بلغة السالك لأقرب المسالك إلى مذهب الإمام مالك.
700 12 - ADDED ENTRY--PERSONAL NAME
Personal name الدردير، أحمد بن محمد بن أحمد،
Dates associated with a name 1127-1201 هجري.
Title of a work أقرب المسالك إلى مذهب الإمام مالك.
700 12 - ADDED ENTRY--PERSONAL NAME
Personal name المبارك، محمد إبراهيم.
Title of a work التعليق الحاوي لبعض البحوث على حاشية الصاوي.
740 02 - ADDED ENTRY--UNCONTROLLED RELATED/ANALYTICAL TITLE
Uncontrolled related/analytical title حاشية الصاوي على الشرح الصغير، المسماة، بلغة السالك لأقرب المسالك.
740 02 - ADDED ENTRY--UNCONTROLLED RELATED/ANALYTICAL TITLE
Uncontrolled related/analytical title بلغة السالك لأقرب المسالك.
740 02 - ADDED ENTRY--UNCONTROLLED RELATED/ANALYTICAL TITLE
Uncontrolled related/analytical title أقرب المسالك إلى مذهب الإمام مالك.
942 ## - ADDED ENTRY ELEMENTS (KOHA)
Source of classification or shelving scheme Dewey Decimal Classification
Koha item type Books
Suppress in OPAC No
949 ## - LOCAL PROCESSING INFORMATION (OCLC)
a SA-JeALM
d 250307
u eid123
n 1
Holdings
Withdrawn status Lost status Source of classification or shelving scheme Materials specified (bound volume or other part) Damaged status Not for loan Home library Current library Date acquired Total checkouts Full call number Barcode Date last seen Price effective from Koha item type
    Dewey Decimal Classification الجزء الاول     DR AbdElwahab Library DR AbdElwahab Library 03/07/2025   258.2 د ر د 000010696 03/07/2025 03/07/2025 Books
    Dewey Decimal Classification الجزء الثالث     DR AbdElwahab Library DR AbdElwahab Library 03/07/2025   258.2 د ر د 000010697 03/07/2025 03/07/2025 Books
    Dewey Decimal Classification الجزء الرابع     DR AbdElwahab Library DR AbdElwahab Library 03/07/2025   258.2 د ر د 000010698 03/07/2025 03/07/2025 Books
    Dewey Decimal Classification الجزء الثاني     DR AbdElwahab Library DR AbdElwahab Library 07/02/2025   258.2 د ر د 000015166 07/02/2025 07/02/2025 Books